| 000 | 00698nam a2200217Ia 4500 | ||
|---|---|---|---|
| 003 | GCL | ||
| 008 | 140319s9999 xx 000 0 ara d | ||
| 020 | _a0104669957 | ||
| 040 |
_aGCL / _cGCL |
||
| 082 | 0 | 4 |
_a371.19 _bا م |
| 100 | 1 | _aاحمد الخطيب | |
| 245 | 1 | 0 |
_aالمدرسة المجتمعية وتعليم المستقبل / _cاحمد الخطيب |
| 700 | 1 | _aرداح الخطيب | |
| 250 | _aالاولى | ||
| 260 |
_aالاردن : _bجدارا للكتاب العالمي ، _c2006 |
||
| 300 |
_a218 ص ؛ _c24 سم |
||
| 650 | 0 | 4 | _aالمدرسة والمجتمع |
| 650 | 0 | 4 | _aالتعليم - تطوير |
| 650 | 0 | 4 | _aالمجتمع المحلي |
| 942 |
_2ddc _cBK |
||
| 999 |
_c10003 _d10003 |
||